| Поле | Инд. | ПП | Название | Значение |
|---|---|---|---|---|
| Тип записи | a | |||
| Библиографический уровень | m | |||
| 001 | Контрольный номер | b531a47d253945ac9c6ac8285c7167dc | ||
| 005 | Дата корректировки | 20160127103800.5 | ||
| 008 | Кодируемые данные | 141028|||||||||ru |||||||||||||||||rus|| | ||
| 020 | a | ISBN | 978-5-905277-40-5 | |
| 041 | 0_ | a | Код языка текста | rus |
| 084 | a | Индекс другой классификации/Индекс ББК | 74.484 | |
| 090 | a | Полочн. индекс | 74.48 | |
| x | Авторский знак | П 16 | ||
| 100 | 1_ | a | Автор | Панкратова М. Е. |
| 245 | 10 | a | Заглавие | Современные проблемы внедрения Болонской системы в российское образование |
| b | Продолж. заглавия | [монография] | ||
| 250 | a | Основные сведения об издании | Науч. изд. | |
| 260 | a | Место издания | Ногинск | |
| b | Издательство | Аналитика Родис | ||
| c | Дата издания | 2014 | ||
| 300 | a | Объем | 147 с. | |
| 504 | a | Библиография | Библиогр.: с. 122-136 | |
| 650 | 04 | a | Основная рубрика | Образование-Россия-Болонский процесс-Монографии |
| 653 | 0_ | a | Ключевые слова | Болонский процесс |
| a | Ключевые слова | Высшее образование | ||
| a | Ключевые слова | Интеграция образования | ||
| a | Ключевые слова | Монографии | ||
| a | Ключевые слова | Российская система образования | ||
| 700 | 12 | a | Другие авторы | Рашева Н. Ю. |
| 700 | 12 | a | Другие авторы | Кузнецов А. Н. |
| 901 | t | Тип документа | m | |
| 952 | c | Вид литературы | монография |